000 00624cam a2200217 a 4500
001 000019064
005 20200929165919.0
008 750417s1974 xxc 000 1 fre d
020 _a0777701022
040 _aDO-SdBNP
_bfre
_cLC
_dBNPHU
050 0 0 _aPQ3919.2.A66
_bN4
082 _ann*
_bnn*
100 1 _aAquin, Hubert,
_d1929-1977.
_941014
245 1 0 _aNeige noire :
_broman /
_cHubert Aquin.
260 _aMontreal :
_bLa Presse,
_c1974.
300 _a254 p. ;
_c21 cm.
490 1 _aEcrivains des deux mondes
830 0 _aEcrivains des deux mondes
_941015
910 _aCatalogación derivada / LC
049 _aBNGR
999 _c18582
_d18582